00915nam a22002532a 450000100060000000300080000600500170001400800410003103500520007204000360012404100080016008200270016824500840019525000130027926000440029230000240033650001540036065000190051465100190053370000550055270000160060770000210062370000170064427529BD-RjUL20211209051152.0140325s1956 i 000 0 eng d aOCLC ocm00181856 from D960710Ma(BD-RjUL) 27603 aOUNdOCLdBD-RjULbengcBD-RjUL aeng a954.13bHIS V-1 195612aA history of Orissa /cby W. W. Hunter [and others] Edited by Sahu N.K.nVol. I a1st ed.] aCalcutta :bSusil Gupta (India),c1956. axv, 222 p. ;c23 cm aVol. 1 includes a reprint of the first five chapters of W. W. Hunter's Orissa, which was originally published as v. 2-3 of his Annals of rural Bengal aOrissa (India) 0aOrissa (India)12aHunter, William Wilson,cSir,d1840-1900.tOrissa.12aSahu, N. K.12aStirling, Andrew12aBeames, John